000 00544nam a2200193 a 4500
005 20140310183453.0
008 090310s19uu xx 00 eng d
020 _a978-0-07-150857-5
050 _aTK 5105.888
_b.F684 2008
100 _aForrester, Duane
245 _aHow to make money with your blog.
_cDuane Forrester
260 _aNew York :
_bMcGraw-Hill,
_c2008.
300 _a224 p. :
_bill. ;
_c23 cm.
650 _aBSBA.
650 _aElectronic commerce.
700 _aPowell, Gavin
942 _cBK
_2lcc
_kFOR
999 _c23471
_d23471